| 000 | 02087cam a22003615a 4500 | ||
|---|---|---|---|
| 999 |
_c26953 _d26925 |
||
| 001 | 19010524 | ||
| 005 | 20201128024359.0 | ||
| 008 | 160310t2016 mauab frb 001 0 eng d | ||
| 010 | _a 2014947006 | ||
| 020 | _a9781305094505 | ||
| 020 | _a1305094506 | ||
| 035 | _a(OCoLC)ocn884617656 | ||
| 040 |
_aYDXCP _beng _cYDXCP _dBTCTA _dTXA _dOCLCF _dCOO _dP4A _dDLC _dEG-ScBUE |
||
| 042 | _apcc | ||
| 082 | 0 | 4 |
_a304.6 _bWEE _222 |
| 100 | 1 |
_aWeeks, John Robert, _d1944- _92702 |
|
| 245 | 1 | 0 |
_aPopulation : _ban introduction to concepts and issues / _cJohn R. Weeks. |
| 250 | _a12th ed. | ||
| 260 |
_aBoston : _bCengage Learning, _cc.2016. |
||
| 300 |
_axxv, 580 p. : _bill., maps ; _c24 cm. |
||
| 504 | _aIncludes bibliographical references and index. | ||
| 505 | 0 | _aA demographic perspective -- Introduction to demography -- Global population trends -- Demographic perspectives -- Demographic data -- Population processes -- The heath and mortality transition -- The fertility transition -- The migration transition -- Population structure and characteristics -- The age transition -- The urban transition -- The family and household transition -- Using the demographic perspective -- Population and sustainability -- What lies ahead? | |
| 520 | _aThis text presents the basic demographic concepts and related population growth topics. Each chapter features a short essay on the social impact of a particular population concept. The political implications of population issues and Third World problems are also discussed. | ||
| 650 | 7 |
_aPopulation _vTextbooks. _2BUEsh |
|
| 651 | _2BUEsh | ||
| 653 |
_bBUSECO _cNovember2018 |
||
| 655 |
_vText book _933728 |
||
| 856 | 4 | 2 |
_3Contributor biographical information _uhttps://www.loc.gov/catdir/enhancements/fy1613/2014947006-b.html |
| 856 | 4 | 2 |
_3Publisher description _uhttps://www.loc.gov/catdir/enhancements/fy1613/2014947006-d.html |
| 856 | 4 | 1 |
_3Table of contents only _uhttps://www.loc.gov/catdir/enhancements/fy1613/2014947006-t.html |
| 856 | 4 | 2 |
_3For study guides, solutions and more _uwww.cengagebrain.com/studytools |
| 942 | _2ddc | ||